Normal view
MARC view
- Box.P.E. George
Entry Personal Name
001 - CONTROL NUMBER
- control field: 122595
003 - CONTROL NUMBER IDENTIFIER
- control field: NUST
005 - DATE AND TIME OF LATEST TRANSACTION
- control field: 20240513113056.0
008 - FIXED-LENGTH DATA ELEMENTS
- fixed length control field: 240513|| aca||aabn | a|a d
040 ## - CATALOGING SOURCE
- Original cataloging agency: NUST
- Transcribing agency: NUST
100 ## - HEADING--PERSONAL NAME
- Personal name: Box.P.E. George
670 ## - SOURCE DATA FOUND
- Source citation: Work cat.: (NUST): Box.P.E. George, Time Series Analysis, 2003.
